| Tag |
First Indicator |
Second Indicator |
Subfields |
| LEADER |
00000pam a2200000 i 4500 |
| 001 |
in00000474591 |
| 005 |
20151012172332.0 |
| 008 |
750528s1975 nyua b 10100 eng |
| 010 |
|
|
|a 75017612
|
| 020 |
|
|
|a 0125181507
|
| 035 |
|
|
|a (OCoLC)01500343
|
| 035 |
|
|
|9 ACA1527AM
|
| 040 |
|
|
|a DLC
|c DLC
|d TXA
|d UtOrBLW
|
| 049 |
|
|
|a TXAM
|c [1411758]
|
| 050 |
0 |
0 |
|a QP531
|b .T7
|
| 082 |
0 |
|
|a 574.1/33
|
| 245 |
0 |
0 |
|a Trace elements in soil-plant-animal systems /
|c edited by D. J. D. Nicholas, Adrian R. Egan.
|
| 264 |
|
1 |
|a New York :
|b Academic Press,
|c 1975.
|
| 300 |
|
|
|a xiv, 417 pages :
|b illustrations ;
|c 24 cm.
|
| 336 |
|
|
|a text
|b txt
|2 rdacontent
|
| 337 |
|
|
|a unmediated
|b n
|2 rdamedia
|
| 338 |
|
|
|a volume
|b nc
|2 rdacarrier
|
| 500 |
|
|
|a Proceedings of the Jubilee Symposium of the Waite Agricultural Research Institute held at Glen Osmond, South Australia, on Nov. 5-6, 1974.
|
| 504 |
|
|
|a Includes bibliographies and index.
|
| 650 |
|
0 |
|a Trace elements
|x Metabolism
|x Congresses.
|
| 650 |
|
0 |
|a Soils
|x Trace element content
|x Congresses.
|
| 700 |
1 |
|
|a Nicholas, D. J. D.
|q (David James Donald)
|
| 700 |
1 |
|
|a Egan, Adrian R.
|
| 710 |
2 |
|
|a Waite Agricultural Research Institute.
|
| 999 |
|
|
|a MARS
|
| 999 |
f |
f |
|s 1eb06b21-7e09-3851-a4fb-46b44c051e90
|i f28c5a16-ff90-3f06-adc3-51115b9d6cea
|t 0
|
| 952 |
f |
f |
|p ric
|a Texas A&M University
|b Rellis Campus
|c Joint Library Facility
|d Remote Storage
|t 0
|e QP531 .T7
|h Library of Congress classification
|i unmediated -- volume
|m A14805021676
|
| 998 |
f |
f |
|a QP531 .T7
|t 0
|l Remote Storage
|